Crítica de la razón lúdica

Uloženo v:
Podrobná bibliografie
Hlavní autor: Holzapfel Ossa, Cristóbal (Autor)
Médium: Kniha
Jazyk:španělština
Vydáno: Madrid Trotta 2003
Edice:Colección Estructuras y Procesos. Serie Filosofía
Témata:
Tagy: Přidat tag
Žádné tagy, Buďte první, kdo vytvoří štítek k tomuto záznamu!

MARC

LEADER 00000nam a2200000 a 4500
001 UCL2813
003 CL-VaPUC
008 031107e20030000SP |||||||||||||||||spa|d
020 |a 8481645931 
082 0 4 |a 142.7  |b HOL  |2 21 
100 |a Holzapfel Ossa, Cristóbal  |e author  |9 502745 
245 1 0 |a Crítica de la razón lúdica 
300 |a 189 p 
942 |c BK 
945 |d 20031107 00:00:00  |a cmena 
260 |a Madrid  |b Trotta  |c 2003 
650 0 |a Existencialismo  |9 265698 
650 0 |a Naturaleza humana   |9 308593 
650 0 |a Razón   |9 314475 
583 |a last modification  |c 20031107 00:00:00  |k Rodrigo Vera 
490 0 |a Colección Estructuras y Procesos. Serie Filosofía 
999 |c 305995  |d 305993 
952 |0 0  |1 0  |4 0  |6 142_700000000000000_HOL_2003  |7 0  |8 A  |9 370626  |a FDOPOS  |b FDOPOS  |d 2019-11-21  |i 4019199  |o 142.7 HOL 2003  |p 4019199  |r 2025-01-22  |w 2019-11-21  |y BK  |k MLA 
952 |0 0  |1 0  |4 0  |6 142_700000000000000_HOL_2003  |7 0  |8 DER_TF  |9 370627  |a BIBDER  |b BIBDER  |d 2019-11-21  |i 4023714  |o 142.7 HOL 2003  |p 4023714  |r 2023-01-25  |w 2019-11-21  |x Ubicación 4to Piso  |y BK  |z Estos recursos deben solicitarse con anticipación  |k DER